Tercer Centenario de Velázquez (Record no. 33047)

MARC details
000 -LEADER
campo de control de longitud fija 00795nam a2200193 i 4500
001 - NÚMERO DE CONTROL
campo de control 33047
003 - IDENTIFICADOR DE NÚMERO DE CONTROL
campo de control ES-MaACL
005 - FECHA Y HORA DE LA ÚLTIMA TRANSACCIÓN
campo de control 20250815163048.0
007 - CAMPO FIJO DE DESCRIPCIÓN FÍSICA--INFORMACIÓN GENERAL
campo de control de longitud fija t|
008 - DATOS DE LONGITUD FIJA--INFORMACIÓN GENERAL
campo de control de longitud fija 030201s1899 sp |||| | spa d
100 1# - ENTRADA PRINCIPAL--NOMBRE DE PERSONA
Nombre de persona Beruete, Aureliano de,
Fechas asociadas al nombre 1845-1912
9 (RLIN) 149341
245 10 - MENCIÓN DEL TÍTULO
Título Tercer Centenario de Velázquez
Resto del título : discurso leído en la solemne inauguración de la sala de Velázquez del Museo Nacional de Pintura y Escultura, el día 6 de junio de 1899 /
Mención de responsabilidad, etc. por Aureliano de Beruete y Moret.
260 ## - PUBLICACIÓN, DISTRIBUCIÓN, ETC.
Lugar de publicación, distribución, etc. Madrid :
Nombre del editor, distribuidor, etc. [s.n.],
Fecha de publicación, distribución, etc. 1899 (
Fabricante Hijos de M.G. Hernández)
300 ## - DESCRIPCIÓN FÍSICA
Extensión 13 p. ;
Dimensiones 24 cm.
600 14 - PUNTO DE ACCESO ADICIONAL DE MATERIA--NOMBRE DE PERSONA
Nombre de persona Velázquez, Diego,
Fechas asociadas al nombre 1599-1660-
Subdivisión de forma Homenajes
9 (RLIN) 113796
710 2# - ENTRADA AGREGADA--NOMBRE DE ENTIDAD CORPORATIVA
Nombre de entidad corporativa o nombre de jurisdicción como elemento de entrada Museo Nacional de Pintura y Escultura (España)
9 (RLIN) 5904
852 ## - LOCALIZACIÓN
Ubicación ES-MaACL
Número de control de estantería T-948-F-6
Holdings
Estatus retirado Estado de pérdida Estado de daño No para préstamo Colección Biblioteca de origen Biblioteca actual Ubicación en estantería Fecha de adquisición Fuente de adquisición Total de préstamos Signatura topográfica completa Código de barras Visto por última vez Precio de reemplazo Tipo de ítem Koha
        Colección de folletos Biblioteca del Ateneo de Madrid Biblioteca del Ateneo de Madrid Depósito folletos 17/01/2008     T-948-F-6 1034347 23/02/2023 23/02/2023 Folleto